LEADER 00857nam0 22002893i 450 001 996296250103316 005 20190614114835.0 010 $a0-9759146-0-X 010 $a0975914618 100 $a20080226d2004----||||0itac50 ba 101 $aeng 102 $aUS 200 1 $aData, models, and decisions$ethe fundamentals of management science$fDimitris Bertsimas, Robert M. Freund 210 $aBelmont (MA)$cDynamic Ideas$dİ2004 215 $aXIX, 530 p.$cill.$d26 cm$e1 CD-ROM. 606 0 $aAziende$xDirezione$2BNCF 606 0 $aDecisione$2BNCF 676 $a658.4 700 1$aBERTSIMAS,$bDimitris$066911 701 1$aFREUND,$bRobert M.$0765767 801 0$aIT$bsalbc$gISBD 912 $a996296250103316 951 $aINF04 052$b514 DISA 959 $aBK 969 $aDISTRA 996 $aData, models, and decisions$91557101 997 $aUNISA LEADER 02338nam 2200553 a 450 001 9910461929703321 005 20210304071710.0 010 $a1-283-64307-3 010 $a0-203-12429-4 010 $a1-136-34453-5 035 $a(CKB)2670000000259331 035 $a(EBL)1039248 035 $a(OCoLC)813843939 035 $a(SSID)ssj0000757089 035 $a(PQKBManifestationID)11390550 035 $a(PQKBTitleCode)TC0000757089 035 $a(PQKBWorkID)10771349 035 $a(PQKB)10313130 035 $a(MiAaPQ)EBC1039248 035 $a(EXLCZ)992670000000259331 100 $a20090805d2010 uy 0 101 0 $aeng 135 $aur|n|---||||| 181 $ctxt 182 $cc 183 $acr 200 00$aTheatre and performance design$b[electronic resource] $ea reader in scenography /$fedited by Jane Collins and Andrew Nisbet 210 $aLondon ;$aNew York $cRoutledge$d2010 215 $a1 online resource (423 p.) 300 $aDescription based upon print version of record. 311 $a0-415-43210-3 311 $a0-415-43209-X 320 $aIncludes bibliographical references and index. 327 $apt. I. Looking : the experience of seeing -- pt. II. Space and place -- pt. III. The designer : the scenographic -- pt. IV. Bodies in space -- pt. V. Making meaning. 330 $aTheatre and Performance Design: A Reader in Scenography is an essential resource for those interested in the visual composition of performance and related scenographic practices. Theatre and performance studies, cultural theory, fine art, philosophy and the social sciences are brought together in one volume to examine the principle forces that inform understanding of theatre and performance design.The volume is organised thematically in five sections: looking, the experience of seeing space and placethe designer: the sceno 606 $aTheaters$xStage-setting and scenery 608 $aElectronic books. 615 0$aTheaters$xStage-setting and scenery. 676 $a792.02/5 676 $a792.025 701 $aCollins$b Jane$f1951-$0926699 701 $aNisbet$b Andrew$f1960-$0926700 801 0$bMiAaPQ 801 1$bMiAaPQ 801 2$bMiAaPQ 906 $aBOOK 912 $a9910461929703321 996 $aTheatre and performance design$92081069 997 $aUNINA